00913nam a2200193 a 4500008004100000020001800041050001500059110003600074245009200110260002300202300002100225500004100246650004500287650003300332650002100365995018200386999001700568952013400585120620s2005 ||||||||||||||||| || u a9789241209335 aRS 189 Wor aWorld Health Organization (WHO)14aThe selections and use of essential medicines: report of the WHO Expert Committee, 2005 aGeneva:bWHOc2005 avii, 119p.: iil. aBlue Trunk Library Collection (WHO). aDRUGS--FORMULAE, RECEIPTS, PRESCRIPTIONS aDRUGS UTILIZATION--STANDARDS aDRUGS--STANDARDS aMEDICAL LIBRARY OPEN ACCESSe743062FCBU-SCHOOL OF MEDICINE LIBRARY (Ndola)jBTL RS 189 Wor (BOX 180)M1UAVAILABLEWJul 26, 2012y743062ZMedical Library Open Access Collection c32684d32684 00102lcc4070a002b002cMedical Library Open Access Collectiond2022-11-30l0oRS 189 Worp743062r2022-11-30w2022-11-30y002